| 000 | 00450nam a22001697a 4500 | ||
|---|---|---|---|
| 003 | NUST - PNEC | ||
| 005 | 20170116181140.0 | ||
| 008 | 151008b xxu||||| |||| 00| 0 eng d | ||
| 020 | _a8121918839 | ||
| 040 | _cLIBRARY | ||
| 082 | _a658.505 MUR | ||
| 100 |
_914593 _aMurthy, Ch. V. Ramana |
||
| 245 |
_aLinear and non-linear programming _cCh.V. Ramana Murthy |
||
| 260 | _cc.1999 | ||
| 650 |
_914596 _aLinear Programming _xME |
||
| 942 |
_2ddc _cBK |
||
| 999 |
_c70457 _d70457 |
||